Report. (Record no. 72997)

MARC details
000 -LEADER
fixed length control field 00710cam a22002291 4500
001 - CONTROL NUMBER
control field sa 67002023
003 - CONTROL NUMBER IDENTIFIER
control field DLC
005 - DATE AND TIME OF LATEST TRANSACTION
control field 20260227112327.0
008 - FIXED-LENGTH DATA ELEMENTS--GENERAL INFORMATION
fixed length control field 740328s1966 ii b 000 0 eng
010 ## - LIBRARY OF CONGRESS CONTROL NUMBER
LC control number sa 67002023
025 ## - OVERSEAS ACQUISITION NUMBER
Overseas acquisition number PL480:I-E-7025
040 ## - CATALOGING SOURCE
Original cataloging agency DLC
Transcribing agency DLC
Modifying agency DLC
043 ## - GEOGRAPHIC AREA CODE
Geographic area code a-ii---
050 00 - LIBRARY OF CONGRESS CALL NUMBER
Classification number HT169.I52
Item number M3
082 00 - DEWEY DECIMAL CLASSIFICATION NUMBER
Classification number 330.954/792
110 1# - MAIN ENTRY--CORPORATE NAME
Corporate name or jurisdiction name as entry element Maharashtra, India (State)
Subordinate unit Committee Appointed for Regional Plans for Bombay-Panvel and Poona Regions.
245 00 - TITLE STATEMENT
Title Report.
260 ## - PUBLICATION, DISTRIBUTION, ETC.
Place of publication, distribution, etc. [Bombay,
Date of publication, distribution, etc. 1966]
300 ## - PHYSICAL DESCRIPTION
Extent 189 p.
Other physical details 6 maps. (fold. in pocket)
Dimensions 31 cm.
650 #0 - SUBJECT ADDED ENTRY--TOPICAL TERM
Topical term or geographic name entry element City planning
Geographic subdivision India
-- Mumbai Metropolitan Area.
650 #0 - SUBJECT ADDED ENTRY--TOPICAL TERM
Topical term or geographic name entry element City planning
Geographic subdivision India
-- Pune Metropolitan Area.

No items available.

Powered by Koha